00241nam a22000977a 4500008004100000020002200041100001600063245003100079260002500110300000800135250908b |||||||| |||| 00| 0 eng d a978-93-5051-343-9 aM. Ganeshan aPersonal Wealth Management aNew DelhibHPHc2021 a324